000 00481nam a22001697a 4500
999 _c61327
_d61327
005 20240212164356.0
008 240212s2019 enk||||| |||| 00| 0 eng d
020 _a9789352865277
041 _aeng
080 _a004.4 T-11
100 _aTaha, Hamdy A.
_921226
245 _aOperations Research:
_bAn Introduction /
_cHamdy A Taha.
264 _aUttar Pradesh :
_bPEARSON,
_c2019.
300 _a844 p.;
_b24 cm.
653 _aპროგრამირება
942 _2udc
_cBK